[Event "Barreras Memorial"]
[Site "Las Tunas"]
[Date "2010.04.05"]
[Round "7"]
[White "Guerrero, Dublas"]
[Black "Gongora Reyes, Liuber"]
[Result "0-1"]
[WhiteElo "2243"]
[BlackElo "2274"]
[PlyCount "80"]
[EventDate "2010.04.01"]
[EventType "tourn"]
[EventRounds "9"]
[EventCountry "CUB"]
[EventCategory "1"]
[SourceTitle "EXT 2012"]
[Source "ChessBase"]
[SourceDate "2011.11.24"]
[SourceVersion "1"]
[SourceVersionDate "2011.11.24"]
[SourceQuality "1"]

1. d4 Nf6 2. Nf3 e6 3. e3 b6 4. Bd3 Bb7 5. Nbd2 c5 6. 0-0 Be7 7. c3 d5 8. Ne5 0-0 9. f4 Ne4 10. f5 Nd7 11. Nxd7 Qxd7 12. fxe6 Qxe6 13. Nxe4 dxe4 14. Be2 Rad8 15. Qb3 Qh6 16. Bc4 Bd6 17. Bxf7+ Kh8 18. g3 Ba6 19. Rf2 Rd7 20. Bd2 Bd3 21. Raf1 Bxf1 22. Rxf1 cxd4 23. cxd4 Rc7 24. Bc4 Rxf1+ 25. Bxf1 Qf6 26. Bg2 Qf5 27. Qa4 Qe6 28. Bc3 h6 29. Qb5 Re7 30. Qc6 Bf4 31. Qa8+ Re8 32. Qxa7 Bxe3+ 33. Kh1 Qg4 34. Qa4 Rf8 35. d5 b5 36. Qb3 Qe2 37. h4 Rf1+ 38. Bxf1 Qxf1+ 39. Kh2 Bg1+ 40. Kh1 Bf2+ 0-1

[Event "Barreras Memorial"]
[Site "Las Tunas"]
[Date "2010.04.02"]
[Round "3"]
[White "Guerrero, Dublas"]
[Black "Quesada Vera, Liordis"]
[Result "1/2-1/2"]
[WhiteElo "2243"]
[BlackElo "2293"]
[PlyCount "56"]
[EventDate "2010.04.01"]
[EventType "tourn"]
[EventRounds "9"]
[EventCountry "CUB"]
[EventCategory "1"]
[SourceTitle "EXT 2012"]
[Source "ChessBase"]
[SourceDate "2011.11.24"]
[SourceVersion "1"]
[SourceVersionDate "2011.11.24"]
[SourceQuality "1"]

1. d4 Nf6 2. c4 c5 3. d5 b5 4. cxb5 a6 5. b6 e6 6. Nc3 Nxd5 7. Nxd5 exd5 8. Qxd5 Nc6 9. Nf3 Rb8 10. Ne5 Qf6 11. Nxc6 dxc6 12. Qe4+ Be7 13. g4 Rxb6 14. Bg2 0-0 15. g5 Qe6 16. 0-0 f5 17. Qxe6+ Bxe6 18. b3 c4 19. bxc4 Bxc4 20. Be3 Rb2 21. Rfc1 Bxe2 22. Rxc6 f4 23. Bd5+ Kh8 24. Bc5 Bxc5 25. Rxc5 h6 26. h4 f3 27. Kh2 Rb4 28. Kg3 Kh7 1/2-1/2

[Event "Santa Clara Cup"]
[Site "Santa Clara"]
[Date "1999.??.??"]
[Round "?"]
[White "Fernandez Reyes, Lisandro"]
[Black "Guerrero, Dublas"]
[Result "0-1"]
[WhiteElo "2265"]
[BlackElo "2208"]
[PlyCount "60"]
[EventDate "1999.??.??"]
[EventType "swiss"]
[EventRounds "11"]
[EventCountry "CUB"]
[SourceTitle "EXT 2003"]
[Source "ChessBase"]
[SourceDate "2002.11.25"]
[SourceVersion "1"]
[SourceVersionDate "2002.11.25"]
[SourceQuality "1"]

1. e4 e6 2. d3 d5 3. Nd2 Nf6 4. g3 dxe4 5. dxe4 Nc6 6. Bg2 Bc5 7. Ngf3 e5 8. 0-0 0-0 9. Qe2 Nd4 10. Nxd4 Bxd4 11. c3 Bc5 12. h3 Qe7 13. Nc4 a5 14. Qf3 Bd7 15. Re1 Bc6 16. g4 b5 17. Nd2 h6 18. Nf1 Nh7 19. Ng3 Ng5 20. Qe2 g6 21. Nf1 Kh7 22. Ne3 Bxe4 23. Bxe4 Nxe4 24. Nd5 Qh4 25. Be3 c6 26. Nc7 Rad8 27. Qf3 Bxe3 28. Qxe3 Ng5 29. Kg2 Rd2 30. Rh1 Rfd8 0-1

[Event "Santa Clara Cup"]
[Site "Santa Clara"]
[Date "1999.??.??"]
[Round "?"]
[White "Guerrero, Dublas"]
[Black "Campos Vila, Milena"]
[Result "1-0"]
[WhiteElo "2208"]
[BlackElo "2105"]
[PlyCount "79"]
[EventDate "1999.??.??"]
[EventType "swiss"]
[EventRounds "11"]
[EventCountry "CUB"]
[SourceTitle "EXT 2003"]
[Source "ChessBase"]
[SourceDate "2002.11.25"]
[SourceVersion "1"]
[SourceVersionDate "2002.11.25"]
[SourceQuality "1"]

1. d4 d6 2. Nf3 g6 3. c4 Bg7 4. Nc3 Nd7 5. e4 e5 6. Be2 Ne7 7. 0-0 0-0 8. Be3 a6 9. Qc2 c6 10. Rad1 b6 11. Rd2 Qc7 12. Rfd1 Nf6 13. h3 Nh5 14. dxe5 dxe5 15. Na4 Rb8 16. c5 b5 17. Nb6 Rb7 18. Ng5 Nf4 19. Bg4 Bf6 20. Bxc8 Nxc8 21. Nf3 Re8 22. Nd7 Bg7 23. Bxf4 exf4 24. e5 Ne7 25. Nb6 Rxb6 26. cxb6 Qxb6 27. Rd6 g5 28. Qe4 Qb8 29. e6 f5 30. Qe1 b4 31. Qe2 Bf6 32. Ne5 Qc7 33. Nd7 Bg7 34. Nc5 Qb6 35. Qc4 Kh8 36. b3 Kg8 37. Rd7 Qb8 38. Nb7 Bf8 39. Nd6 Rd8 40. Nxf5 1-0

[Event "Matanzas Copa Marti"]
[Site "Matanzas"]
[Date "1999.??.??"]
[Round "?"]
[White "Guerrero, Dublas"]
[Black "Fernandez Cardoso, Alexey"]
[Result "0-1"]
[WhiteElo "2208"]
[BlackElo "2324"]
[PlyCount "62"]
[EventDate "1999.??.??"]
[EventType "tourn"]
[EventRounds "7"]
[EventCountry "CUB"]
[SourceTitle "EXT 2004"]
[Source "ChessBase"]
[SourceDate "2003.11.25"]
[SourceVersion "1"]
[SourceVersionDate "2003.11.25"]
[SourceQuality "1"]

1. d4 g6 2. Nf3 Bg7 3. e4 d6 4. Bd3 e5 5. c3 Ne7 6. 0-0 0-0 7. Re1 h6 8. Nbd2 Nbc6 9. dxe5 Nxe5 10. Be2 Re8 11. Nf1 N7c6 12. Ng3 a5 13. Nd4 a4 14. f4 Nd7 15. a3 Nc5 16. Bb5 Bd7 17. Bxc6 Bxc6 18. Nxc6 bxc6 19. Rb1 Qc8 20. Qf3 Qa6 21. Be3 Nd3 22. Red1 c5 23. Kh1 Rab8 24. Qe2 c4 25. h4 h5 26. f5 d5 27. Qf3 dxe4 28. Qe2 Qd6 29. Nf1 Qf6 30. Bg5 Qxf5 31. Ne3 Qf2 0-1